000 00497nam a2200157 a 4500
001 000035838
005 20200930074643.0
008 111115s1967 xxu 000 0 eng d
040 _aDO-SdBNP
_bspa
_cBNPHU
082 _axxx
_bM133
100 1 _aMcCullers, Carson
_961810
245 1 0 _aThe heart is a lonely hunter /
_cCarson McCullers.
260 _aNew York :
_bBantam Books,
_c1967.
300 _a307 p. ;
_c18 cm.
590 _aPerteneció a la biblioteca personal de Juan Isidro Jimenes Grullón.
999 _c35329
_d35329